İstanbul Arkeoloji Müzeleri teşhirdeki İslâmî sikkeler katalogŭ /

محفوظ في:

المؤلف الرئيسي: Artuk, İbrahim (مؤلف)

مؤلف مشترك: İstanbul Arkeoloji Müzeleri.

مؤلفون آخرون: Artuk, Cevriye.

التنسيق: كتاب

اللغة: Turkish

منشور في: İstanbul : [T.C., Millî Eğitim Bakanlığı, Eski Eserler ve Müzeler Genel Müdürlüğü], 1970-1974.

سلاسل: Eski Eserler ve Müzeler Genel Müdürlüğü yayınları ; seri 3, no. 7.

الموضوعات:

الوسوم: إضافة وسم

لا توجد وسوم, كن أول من يضع وسما على هذه التسجيلة!

رقم الطلب: CD5020 .T82 I852 v.1-2

LEADER 01233nam a22003011i 4500
001 7470
003 OSt
005 20251104102118.0
008 130303m19701974tu a b 001 0 tur d
010 |a 75549497 
040 |c ARCE Library 
043 |a a-tu--- 
050 4 |a CD5020 .T82 I852 v.1-2 
100 1 |a Artuk, İbrahim,  |e author 
245 1 0 |a İstanbul Arkeoloji Müzeleri teşhirdeki İslâmî sikkeler katalogŭ /  |c hazırlayanlar İbrahim Artuk, Cevriye Artuk. 
264 1 |a İstanbul :  |b [T.C., Millî Eğitim Bakanlığı, Eski Eserler ve Müzeler Genel Müdürlüğü],  |c 1970-1974. 
300 |a 2 volumes :  |b illustrations ;  |c 24 cm. 
490 0 |a Eski Eserler ve Müzeler Genel Müdürlüğü yayınları ;   |v seri 3, no. 7. 
500 |a Vol. 2 has publisher statement: T.C., Başbakanlığı, Kültür Müsteşarlığı, Eski Eserler ve Müzeler Genel Müdürlüğü 
504 |a Includes Bibliographical references (pages [961]-970) and indexes. 
610 2 0 |a İstanbul Arkeoloji Müzeleri. 
650 0 |a Seals (Numismatics)  |z Turkey  |z Istanbul. 
650 0 |a Islamic coins  |v Catalogs. 
700 1 |a Artuk, Cevriye. 
710 2 |a İstanbul Arkeoloji Müzeleri. 
901 |a reviewed 
942 |c BK  |2 lcc 
999 |c 9087  |d 9087